000 00680nam a2200241Ia 4500
003 OSt
005 20220928130332.0
006 a|||||r|||| 00| 0
007 ta
008 220927b |||||||| |||| 00| 0 eng d
024 _a40415
037 _cTextual
040 _aSDCL
_cSDCL
_beng
041 _2eng
_aeng
082 _aD661, P0
100 _aCarlson A Bruce
_9473599
245 0 _aCircuits
_b Engineering concepts and analysis of linear electric circuits.
260 _aAustralia
_bCengage Learning
_c2000
300 _axx,840p.
_ccm.
650 _aCircuits
_9473600
942 _hD661, P0
_cTEXL
_2CC
999 _c786135
_d786135